Revisiting social contract: (No. rekod 1810)

000 -LEADER
fixed length control field 02715pam a2200289 i 4500
003 - CONTROL NUMBER IDENTIFIER
control field KPN
005 - DATE AND TIME OF LATEST TRANSACTION
control field 20260413165401.0
008 - FIXED-LENGTH DATA ELEMENTS--GENERAL INFORMATION
fixed length control field 20260413b 00| 0 eng d
020 ## - INTERNATIONAL STANDARD BOOK NUMBER
International Standard Book Number 9786297575285
Qualifying information paperback
Terms of availability RM36.48
040 ## - CATALOGING SOURCE
Transcribing agency KPN
082 04 - DEWEY DECIMAL CLASSIFICATION NUMBER
Classification number 320.1109595 JOE 2024
Edition number 23
090 00 - LOCALLY ASSIGNED LC-TYPE CALL NUMBER (OCLC); LOCAL CALL NUMBER (RLIN)
Classification number (OCLC) (R) ; Classification number, CALL (RLIN) (NR) 320.1109595 JOE 2024
Local cutter number (OCLC) ; Book number/undivided call number, CALL (RLIN) JOE
100 0# - MAIN ENTRY--PERSONAL NAME
Personal name Joe Samad,
Relator term author.
245 10 - TITLE STATEMENT
Title Revisiting social contract:
Remainder of title The Malaysia Borneo perspectives /
Statement of responsibility, etc. Joe Samad
246 23 - VARYING FORM OF TITLE
Title proper/short title In reference to the agreement concluded between the United Kingdom of Great Britain and Northern Ireland, the Federation of Malaya, North Borneo, Sarawak and Singapore in July 1963
264 #1 - PRODUCTION, PUBLICATION, DISTRIBUTION, MANUFACTURE, AND COPYRIGHT NOTICE
Place of production, publication, distribution, manufacture Petaling Jaya, Selangor :
Name of producer, publisher, distributor, manufacturer Strategic Information and Research Development Centre,
Date of production, publication, distribution, manufacture, or copyright notice 2024
300 ## - PHYSICAL DESCRIPTION
Extent xxiii, 144 pages :
Other physical details photographs ;
Dimensions 23 cm
500 ## - GENERAL NOTE
General note Includes index
504 ## - BIBLIOGRAPHY, ETC. NOTE
Bibliography, etc. note Bibliography: pages 514-515
521 ## - TARGET AUDIENCE NOTE
Target audience note Joe Samad, a passionate writer on contemporary Malaysian issues, expresses deep concerns about Malaysia's direction. While acknowledging the existence of the pre-Merdeka “social contract”, he highlights two significant reservations. Firstly, he criticises how Peninsula politicians intermittently exploit the social contract to stoke communal fears, hatred, and distrust among races. Secondly, he emphasises that the pre-Merdeka social contract holds less relevance for the Borneo States. These states, upon agreeing to form Malaysia in 1963, negotiated terms emphasising autonomy, revenue sharing, and protection for Borneo's indigenous peoples. This "Borneo perspective," often overlooked, offers insights spanning historical, political, and economic dimensions.<br/><br/><br/><br/>Although not explicitly stated, Joe Samad implies that a new “social contract” might have been effectively renegotiated in 1963 between the Peninsula and the Borneo States. Amendments to the Federal Constitution significantly accommodated the states' demands for greater autonomy and revenue sharing. However, the outcomes have not met expectations, with inherent tensions typical in federal systems worldwide, including Malaysia.<br/><br/><br/><br/>Since 2018, there has been a positive shift as the federal government acknowledged the constitutional validity and reasonableness of many demands from Sabah and Sarawak, signaling potential policy changes. The author recognises these dynamics and advocates for a dialogue to navigate Malaysia's multicultural complexities and the challenge of forging a cohesive national narrative for better unity.<br/><br/>
650 10 - SUBJECT ADDED ENTRY--TOPICAL TERM
Topical term or geographic name entry element Social contract
Topical term or geographic name entry element Political science
Geographic subdivision Malaysia
Topical term or geographic name entry element Constitutional law
Geographic subdivision Malaysia
651 #0 - SUBJECT ADDED ENTRY--GEOGRAPHIC NAME
Geographic name Malaysia
General subdivision History
Geographic name Malaysia
General subdivision Politics and government
942 ## - ADDED ENTRY ELEMENTS (KOHA)
Source of classification or shelving scheme
Koha item type Book
Suppress in OPAC No
Pemilik
Withdrawn status Lost status Source of classification or shelving scheme Damaged status Not for loan Collection code Home library Current library Shelving location Date acquired Total Checkouts Full call number Barcode Date last seen Price effective from Koha item type
          Non-fiction Perpustakaan Kementerian Perpaduan Malaysia Perpustakaan Kementerian Perpaduan Malaysia Non- Fiction Rack - Social sciences 13/04/2026   320.1109595 JOE 2024 KPN26040044 13/04/2026 13/04/2026 Book